000 00376 a2200109 4500
001 ART_24500
005 20260410161934.0
008 260409a
245 1 0 _aFuentes del crecimiento económico en Argentina 1990-2004
100 1 _aCoremberg, Ariel Alberto
773 0 _tRevista de Economía Política de Buenos Aires
_g- Año 1, Nº 2 (nov. 2007)
_wREV23982
999 _c28839
_d28839